Welche berühmte Persönlichkeit bin ich? - Statistiken

Allgemein
  • Dieses Quiz wurde 1.508 mal gespielt
  • Das Durchschnittsergebnis liegt bei 10 aus 17
Antwortstatistiken
Beschreibung Antwort % Korrekt
Ich stellte die Relativitätstheorie auf. Albert Einstein
92%
Ich wurde 1949 zum ersten Bundeskanzler der Bundesrepublik Deutschland gewählt. Konrad Adenauer
92%
Ich bin der christliche Messias. Jesus Christus
87%
Meine letzte Schlacht als französischer Heerführer fand 1815 bei Waterloo statt. Napoleon Bonaparte
83%
Ich gelte als "King of Rock 'n' Roll". Elvis Presley
78%
Ich gründete Amazon. Jeff Bezos
78%
Ich spiele die Hauptrolle im 2023 erschienenen Film "Barbie". Margot Robbie
68%
Ich erfand das moderne Automobil. Carl Benz
67%
Ich habe die meisten olympischen Medaillen gesammelt, meineSportart war Schwimmen. Michael Phelps
58%
Ich gewann die meisten Weltmeistertitel im Fußball. Pelé
58%
Ich war Widerstandskämpferin der "Weißen Rose" und wurde imFebruar 1943 zu Tode verurteilt. Sophie Scholl
51%
Vor meiner Wahl zum US-Präsidenten war ich berühmter Schauspieler. Ronald Reagan
47%
Unter mir erlebte das Medienunternehmen "Marvel Comics" einengigantischen Aufschwung. Stan Lee
39%
Mein "Großer Sprung nach vorn" kostete etwa 45 MillionenMenschen ihr Leben. Mao Zedong
36%
Bevor ich Mitbegründerin der "Roten Armee Fraktion" (Kurz: "RAF") wurde, arbeitete ich bei der Zeitschrift "konkret" als Redakteurin. Ulrike Meinhof
23%
Ich flog als erste Frau in 14h und 56 Minuten über den Atlantik. Amelia Earhart
22%
Ich wurde 1990 in Kanada geboren und bin einer der populärstenSänger der letzten Jahre. The Weeknd
20%
Keine übereinstimmenden Quizze gefunden
Verteilung der Resultate
Anzahl Personen mit jedem Resultat
Perzentil nach korrekt beantworteten Fragen
Ihre Resultats-Entwicklung
Sie haben dieses Quiz noch nicht gespielt